000 01202pam a22003251i 4500
001 3314667
003 EG-ScBUE
005 20251221100428.0
008 840813r19861957enka f b 001 0 eng
020 _a0198511655 (pbk.)
020 _a9780198511656
040 _aEG-ScBUE
_beng
_erda
_cEG-ScBUE
_dEG-ScBUE
082 0 4 _a548.8
_222
_bNYE
100 1 _aNye, J. F.,
_96541
_eauthor.
245 1 0 _aPhysical properties of crystals :
_btheir representation by tensors and matrices /
_cby J. F. Nye, F.R.S..
250 _aReprinted edition.
264 1 _aOxford :
_bClarendon Press,
_c1986.
300 _axvii, 329 pages :
_billustrations ;
_c25 cm
336 _2rdacontent
_atext
_btxt
337 _aunmediated
_2rdamedia
_bn
338 _avolume
_bnc
_2rdacarrier
504 _aIncludes bibliographical references and index.
650 7 _aCrystals.
_96542
_2BUEsh
650 7 _aCalculus of tensors.
_96543
_2BUEsh
650 7 _aMatrices.
_96544
_2BUEsh
655 _vReading book
856 4 2 _3Publisher description
_uhttp://www.loc.gov/catdir/enhancements/fy0603/84019026-d.html
856 4 1 _3Table of contents only
_uhttp://www.loc.gov/catdir/enhancements/fy0603/84019026-t.html
942 _2ddc
_cBB
999 _c11921
_d11921